000
00290nam a22001337a 4500
008
181105b xxu||||| |||| 00| 0 eng d
020
_a
9780962733482
041
_a
eng
080
_a
610
100
_a
3
101
_a
shm
245
_a
The Complete Therapies
_c
Peter.A
942
_2
udc
_c
BK
999
_c
51842
_d
51842